唐代中国的国家与学者 (Record no. 37191)
[ view plain ]
| 000 -LEADER | |
|---|---|
| fixed length control field | 00889nam a2200265Ia 4500 |
| 008 - FIXED-LENGTH DATA ELEMENTS--GENERAL INFORMATION | |
| fixed length control field | 201221s9999||||xx |||||||||||||| ||und|| |
| 020 ## - INTERNATIONAL STANDARD BOOK NUMBER | |
| International Standard Book Number | 7520337936 |
| 020 ## - INTERNATIONAL STANDARD BOOK NUMBER | |
| International Standard Book Number | 9787520337939 |
| 041 ## - LANGUAGE CODE | |
| Language code of text/sound track or separate title | chi |
| Language code of original | eng |
| 050 ## - LIBRARY OF CONGRESS CALL NUMBER | |
| Classification number | DS747.42 |
| Item number | .M32127 2019 |
| 100 ## - MAIN ENTRY--PERSONAL NAME | |
| Personal name | McMullen, David |
| 245 #0 - TITLE STATEMENT | |
| Title | 唐代中国的国家与学者 |
| Remainder of title | / |
| Statement of responsibility, etc. | (英) 麦大维 (David McMullen) 著, 张达志, 蔡明琼译 |
| 246 ## - VARYING FORM OF TITLE | |
| Title proper/short title | 唐代中國的國家與學者 |
| Remainder of title | / |
| 260 ## - PUBLICATION, DISTRIBUTION, ETC. | |
| Place of publication, distribution, etc. | 北京 : |
| Name of publisher, distributor, etc. | 中国社会科学出版社, |
| Date of publication, distribution, etc. | 2019 |
| 300 ## - PHYSICAL DESCRIPTION | |
| Extent | 2, 4, 4, 452 p. |
| Other physical details | ; |
| Dimensions | 25 cm. |
| 490 ## - SERIES STATEMENT | |
| Series statement | 鼓楼史学丛书海外中国研究系列 |
| 500 ## - GENERAL NOTE | |
| General note | Translation of: State and scholars in Tʻang China. |
| 650 ## - SUBJECT ADDED ENTRY--TOPICAL TERM | |
| Topical term or geographic name entry element | Intellectual life. |
| 650 ## - SUBJECT ADDED ENTRY--TOPICAL TERM | |
| Topical term or geographic name entry element | Learning and scholarship China History. |
| 650 ## - SUBJECT ADDED ENTRY--TOPICAL TERM | |
| Topical term or geographic name entry element | Learning and scholarship. |
| 700 ## - ADDED ENTRY--PERSONAL NAME | |
| Personal name | 张达志 |
| 700 ## - ADDED ENTRY--PERSONAL NAME | |
| Personal name | 蔡明琼 |
| 700 ## - ADDED ENTRY--PERSONAL NAME | |
| Personal name | 麦大维 |
| Withdrawn status | Lost status | Damaged status | Not for loan | Home library | Current library | Shelving location | Date acquired | Total Checkouts | Full call number | Barcode | Date last seen | Price effective from | Koha item type |
|---|---|---|---|---|---|---|---|---|---|---|---|---|---|
| GETS Theological Seminary Library | GETS Theological Seminary Library | General Stacks | 12/21/2020 | DS747.42 .M32127 2019 | 00025053 | 12/21/2020 | 12/21/2020 | Chinese Book |